| 000 | 00985nam a22002297a 4500 | ||
|---|---|---|---|
| 999 |
_c13739 _d13739 |
||
| 003 | AR-CdUCM | ||
| 008 | 190416b ||||| |||| 00| 0 spa d | ||
| 040 |
_aMUNICIPALIDAD PROVINCIAL DEL CUSCO _cBIBLIOTECA MUNICIPAL DEL CUSCO |
||
| 082 |
_a669.9 / _bD96 |
||
| 100 |
_aDúbox, Eduardo J. _932252 |
||
| 245 | _aPráctica de metalografía / | ||
| 260 |
_aBuenos Aires : _bEdiciones Marymar, _c1974. |
||
| 300 |
_a254 páginas ; _bcuadros, figuras, ilustraciones, _c22 cm. |
||
| 440 |
_aColección Ciencia y Tecnología. _932253 |
||
| 505 | _aContenido: Montaje de probetas metalográficas -- Obtención de la probeta metalográfica y observación de la superficie durante el desbaste -- Pulido mecánico de una probeta destinada a la observación microscópica ... | ||
| 650 |
_aMetalografía _932254 |
||
| 650 |
_aProbetas _932255 |
||
| 650 |
_aComplementos _932256 |
||
| 710 |
_aCentro Regional de Ayuda Técnica - AID. _932257 |
||
| 942 |
_2ddc _cLIBROS |
||
| 945 |
_aachl _d2019-04-16 |
||